000 03255cam a22004454i 4500
003 PE-LiUPU
005 20250731165434.0
008 160425s2015 pe a grm 000 0 spa d
035 _a(Sirsi) a156549
040 _aPE-LiUPU
_bspa
_cPE-LiUPU
_erda
099 _aTPS 2
_bR54 2015
100 1 _aRichard Alarcón, Katterine Dennise
_eautor
245 1 _aSatisfacción laboral y compromiso organizacional en colaboradores de una empresa retail, Lima, 2014 /
_cKatterine Dennise Richard Alarcón.
264 0 _c2015.
300 _a72 hojas :
_bilustraciones;
_c30 cm
336 _atext
_2rdacontent
337 _aunmediated
_2rdamedia
338 _avolume
_2rdacarrier
502 _aTesis
_b(Lic.) --
_cUniversidad Peruana Unión,
_d2015.
504 _aIncluye referencias
520 3 _aLa presente investigación tiene por objetivo la relación entre la satisfacción laboral y el compromiso organizacional en colaboradores de una empresa retail, Lima, 2014. Se trata de un estudio de tipo descriptivo-correlacional, con diseño no experimental de corte transversal. Los instrumentos utilizados fueron: La escala de satisfacción laboral, elaborada por Materan (2007), y la escala de compromiso organizacional de Allen y Meyer (1990) modificado por Cerdeño y Pirela (2002). La muestra estuvo compuesta por 136 colaboradores contratados. Los resultados obtenidos confirman la hipótesis de que existe una relación positiva y significativa entre el compromiso organizacional y la satisfacción laboral. Asimismo, se halló una relación positiva y altamente significativa entre los factores intrínsecos y los componentes afectivo, continuación y normativo del compromiso organizacional. De la misma forma, se encontró una relación positiva y altamente significativa entre los factores extrinseco y el componente afectivo del compromiso organizacional y participación de la familia en la educación es un factor fundamental para el éxito académico del estudiante, y esto se cumple tanto en la educación regular como en la educación especial. Una de las formas en que la familia participa es a través de las escuelas para padres, en el caso del Centro Ann Sullivan del Perú esta participación se da a través del programa de Escuelas de Familias, que busca involucrar no sólo a los padres sino a toda la familia como responsable de la educación del estudiante. Este estudio analizó las diferencias entre los factores asociados a la participación de los familiares en las Escuelas de Familias y se realizó a través de un estudio longitudinal de seis años (2005-2010), tomándose como objeto de estudio a toda la población representada por un promedio 350 familias por año.
526 _aSEG44
526 _aSEG26
526 _aP151
526 _aP150
526 _aP149
526 _aP146
526 _aP145
526 _aP126
526 _aP125
526 _aP92
526 _aP75
526 _aP74
526 _aP27
526 _aP15
650 0 4 _aSatisfacción laboral
_xlCompromiso organizacional.
596 _a1
942 _2ddc
_cTESIS
999 _aTPS 2 R54 2015
_wALPHANUM
_c9208
_iT01917
_lCCODEBUL3
_mBUL
_r1
_sY
_tTESIS
_u2016-4-25
_xSALUD
_PP33
_o.STAFF. Tesis
_d9208
980 _81
_gALBERTO SANCHEZ Responsable de Automatización